Bài giảng môn học hóa vô cơ 1

Sách trình bày sự biến đổi tuần hoàn tính chất các nguyên tố, một số vấn đề về hóa học tinh thể, danh pháp các hợp chất vô cơ,...

Uloženo v:
Podrobná bibliografie
Hlavní autor: Lương, Thị Kim Nga
Médium: Kniha
Jazyk:Undetermined
Vydáno: Cần Thơ Đại học Cần Thơ 2007
Témata:
Tagy: Přidat tag
Žádné tagy, Buďte první, kdo otaguje tento záznam!
Thư viện lưu trữ: Trung tâm Học liệu Trường Đại học Cần Thơ
LEADER 00778nam a2200193Ia 4500
001 CTU_160852
008 210402s9999 xx 000 0 und d
082 |a 546 
082 |b Ng100/T.1 
100 |a Lương, Thị Kim Nga 
245 0 |a Bài giảng môn học hóa vô cơ 1 
245 0 |c Lương Thị Kim Nga 
260 |a Cần Thơ 
260 |b Đại học Cần Thơ 
260 |c 2007 
520 |a Sách trình bày sự biến đổi tuần hoàn tính chất các nguyên tố, một số vấn đề về hóa học tinh thể, danh pháp các hợp chất vô cơ,... 
650 |a Chemistry, inorganic,Hóa học, vô cơ 
904 |i Năm 
980 |a Trung tâm Học liệu Trường Đại học Cần Thơ